| 000 | 00895nam a22002177a 4500 | ||
|---|---|---|---|
| 999 |
_c13436 _d13436 |
||
| 003 | AR-CdUCM | ||
| 008 | 190415b ||||| |||| 00| 0 spa d | ||
| 040 |
_aMUNICIPALIDAD PROVINCIAL DEL CUSCO _cBIBLIOTECA MUNICIPAL DEL CUSCO |
||
| 082 |
_a985.072 / _bB35 |
||
| 110 |
_aSecretaria de prensa de la presidencia de la república _931856 |
||
| 245 |
_aLa palabra del presidente Belaúnde : _bdiscursos y declaraciones del presidente de la república, arquitecto Fernando Belaúnde Terry / |
||
| 260 |
_aLima : _bEditora Perú, _c1981. |
||
| 300 |
_a10 volumenes ; _bFotografías, _c20 cm. |
||
| 500 | _a | ||
| 505 | _aContenido: v.6: Enero - Febrero 1981 -- v.8: Junio - Agosto 1981 -- v.10: Julio - Diciembre 1982 / Enero - Junio 1983. | ||
| 650 |
_aDiscursos presidenciales _931857 |
||
| 650 |
_aBelaunde _93876 |
||
| 650 |
_aPerú _935 |
||
| 942 |
_2ddc _cLIBROS |
||
| 945 |
_adavv _d15/04/2019 |
||